01000aam a2200385 450000500170000000800410001702000180005804100080007608200160008410000220010010000230012210000180014524500520016325000170021526000130023226000130024526000090025830000190026730000260028650000450031265000220035765000230037965000140040265000110041665000150042765000270044265000240046965000210049365000110051465000190052565000120054494200120055699900150056895200310058320241128162428.0150626b2012 sp ||||| |||| 00| 0 spa d a9788480868716 aESP a611 S677a23 aSobotta, Johannes aPaulsen, Friedrich aWaschke, Jens aSobotta: Anatomía general y aparato locomotor a23 edición aEspaña bElsevier c2012 a406 páginas  bIlustraciones a color aCon 597 figuras a color y 700 imágenes aANATOMÍA HUMANA aANATOMÍA GENERAL aESQUELETO aHUESOS aMÚSCULOS aSISTEMA CARDIOVASCULAR aSISTEMA LINFÁTICO aSISTEMA NERVIOSO aTRONCO aARTICULACIONES aNERVIOS cBK2ddc c3142d3142 o611 S677a23p17996xMDyBK